000
00284nam a2200133Ia 4500
100
_a
Gnedenko.B.V
942
_c
BK
654
_a
Probablity
245
_a
The Theory of Probablity
260
_b
Mir Publishers
_a
Moscow
_c
1973
082
_a
519.2
300
_a
392
546
_a
ENGLISH
999
_c
35390
_d
35390